| 000 -LEADER |
| fixed length control field |
03664cam a2200373 i 4500 |
| 005 - DATE AND TIME OF LATEST TRANSACTION |
| control field |
20230512164751.0 |
| 008 - FIXED-LENGTH DATA ELEMENTS--GENERAL INFORMATION |
| fixed length control field |
180925s2018 ii a b 001 0 eng d |
| 010 ## - LIBRARY OF CONGRESS CONTROL NUMBER |
| LC control number |
2018305003 |
| 020 ## - INTERNATIONAL STANDARD BOOK NUMBER |
| International Standard Book Number |
9789383243259 |
| Qualifying information |
(hardback) |
| 020 ## - INTERNATIONAL STANDARD BOOK NUMBER |
| International Standard Book Number |
9383243252 |
| Qualifying information |
(hardback) |
| 025 ## - OVERSEAS ACQUISITION NUMBER |
| Overseas acquisition number |
I-E-2018305003 |
| 035 ## - SYSTEM CONTROL NUMBER |
| System control number |
(OCoLC)on1054231791 |
| 035 ## - SYSTEM CONTROL NUMBER |
| System control number |
(OCoLC)1054231791 |
| 037 ## - SOURCE OF ACQUISITION |
| Source of stock number/acquisition |
Library of Congress -- New Delhi Overseas Office |
| 040 ## - CATALOGING SOURCE |
| Original cataloging agency |
DKAGE |
| Language of cataloging |
eng |
| Description conventions |
rda |
| Transcribing agency |
DKAGE |
| Modifying agency |
MZA |
| -- |
DKAGE |
| -- |
FNE |
| -- |
DLC |
| 042 ## - AUTHENTICATION CODE |
| Authentication code |
lccopycat |
| -- |
lcode |
| 043 ## - GEOGRAPHIC AREA CODE |
| Geographic area code |
a-ii--- |
| 050 00 - LIBRARY OF CONGRESS CALL NUMBER |
| Classification number |
N7307.D4 |
| Item number |
S34 2018 |
| 082 04 - DEWEY DECIMAL CLASSIFICATION NUMBER |
| Classification number |
700.9548 |
| Edition number |
23 |
| 245 00 - TITLE STATEMENT |
| Title |
Scent upon a Southern Breeze : |
| Remainder of title |
the synaesthetic arts of the Deccan / |
| Statement of responsibility, etc |
edited by Kavita Singh. |
| 300 ## - PHYSICAL DESCRIPTION |
| Extent |
155 pages : |
| Other physical details |
illustrations (colour) ; |
| Dimensions |
32 cm. |
| 490 1# - SERIES STATEMENT |
| Series statement |
Marg's quarterly publications ; |
| Volume number/sequential designation |
v. 70, no. 1 |
| 504 ## - BIBLIOGRAPHY, ETC. NOTE |
| Bibliography, etc |
Includes bibliographical references and index. |
| 505 00 - FORMATTED CONTENTS NOTE |
| Title |
Scent upon a southern breeze : the synaesthetic arts of the Deccan / |
| Statement of responsibility |
Kavita Singh -- |
| Title |
Social stimulants : perfuming practices in Sultanate India / |
| Statement of responsibility |
Emma Flatt -- |
| Title |
Perfume and pleasure in 17th-century Deccan / |
| Statement of responsibility |
Ali Akbar Husain -- |
| Title |
Bidri ware : a fascinating craft of the Deccan / |
| Statement of responsibility |
Jagdish Mittal -- |
| Title |
Music, art and power in 'Adil Shahi Bijapur, c. 1570-1630 / |
| Statement of responsibility |
Katherine Butler Schofield -- |
| Title |
The tree of life and the world of wonder : 'aja'ib imagery on 17th-century Kalamkaris / |
| Statement of responsibility |
Sylvia Houghteling -- |
| Title |
Documenting the fabulous : the 'aja'ib al-Makhluqat of the National Museum / |
| Statement of responsibility |
Preeti Bahadur Ramaswami -- |
| Title |
Slave, sultan, scholar : Muhammad Qutb Shah and the Royal Library of Golconda / |
| Statement of responsibility |
Laura Weinstein -- |
| Title |
Weddings and hunts : a visual history of pleasure in 18th-century Hyderabad / |
| Statement of responsibility |
Srinayani Lankala. |
| 520 ## - SUMMARY, ETC. |
| Summary, etc |
"The arts of the Deccan remained understudied for a long while, possibly due to their complex and hybrid nature. This was a coveted region, and many powers fought over its control. What survives of its turbulent history allows us to reconstruct only a fragmentary record of what might have been made in the Deccan. Even in what remains, it is not always easy to put one's finger on what is "Deccani" in Deccani art. Now, in the wake of global art history and its interest in travelling objects and hybridity, Deccani art is increasingly coming into focus. Scholars are bringing new insights to Deccani objects that bear the marks of mixed styles, trade, and even damage and reconstitution. Drawing from and going beyond the landmark 2015 symposium and exhibition Nauras: The Many Arts of the Deccan held at the National Museum, New Delhi, the essays in this volume explore the sense of wonder, 'aja'ib, that permeated textile design, manuscript illustration and perfume production in the Deccan. Through Ragamala paintings and treatises on magic, perfumery texts and garden architecture, exquisite bidri ware and kalamkaris, the volume shows the way objects and texts can yield an understanding of how beauty was experienced in the past not just through visual means but through sound and smell as well. The book breaks new ground for a sensory turn in Indian art history. Visual objects become crucibles for synaesthetic experiences, as we look upon them with new eyes, or with more than eyes."--Publisher. |
| 650 #0 - SUBJECT ADDED ENTRY--TOPICAL TERM |
| Topical term or geographic name as entry element |
Art, Indic |
| Geographic subdivision |
India |
| -- |
Deccan. |
| 650 #0 - SUBJECT ADDED ENTRY--TOPICAL TERM |
| Topical term or geographic name as entry element |
Arts, Indic |
| Geographic subdivision |
India |
| -- |
Deccan. |
| 650 #0 - SUBJECT ADDED ENTRY--TOPICAL TERM |
| Topical term or geographic name as entry element |
Senses and sensation in art. |
| 700 1# - ADDED ENTRY--PERSONAL NAME |
| Personal name |
Singh, Kavita, |
| Relator term |
editor. |
| 830 #0 - SERIES ADDED ENTRY--UNIFORM TITLE |
| Uniform title |
Marg publications (Mumbai, India) ; |
| Volume number/sequential designation |
v. 70, no. 1. |
| 906 ## - LOCAL DATA ELEMENT F, LDF (RLIN) |
| a |
7 |
| b |
cbc |
| c |
copycat |
| d |
3 |
| e |
ncip |
| f |
20 |
| g |
y-gencatlg |
| 942 ## - ADDED ENTRY ELEMENTS (KOHA) |
| Source of classification or shelving scheme |
|
| 955 ## - COPY-LEVEL INFORMATION (RLIN) |
| Book number/undivided call number, CCAL (RLIN) |
wd49 2018-11-05 to Cataloging |
| Copy status, CST (RLIN) |
wd39 2019-02-27 |
| Circulation control number, HNT (RLIN) |
wd38 2019-04-26 |
| Classification number, CCAL (RLIN) |
cb08 2021-04-21 to CMD |